000 00354nam a2200133Ia 4500
008 220217s9999||||xx |||||||||||||| ||und||
020 _a81-7722-228-7
082 _a005.133 TEL
100 _aTelles, Matt
_92372
245 0 _aC# block book
260 _aDream tech publications
_bNew Delhi
_c2002
300 _b349
650 _aPROGRAMMING LANGUAGE
999 _c168898
_d168898